Normal view
MARC view
Entry Personal Name
001 - CONTROL NUMBER
- control field: 19065
003 - CONTROL NUMBER IDENTIFIER
- control field: ARRUPE
005 - DATE AND TIME OF LATEST TRANSACTION
- control field: 20150827151542.0
008 - FIXED-LENGTH DATA ELEMENTS
- fixed length control field: 150827|| aca||aabn | a|a d
040 ## - CATALOGING SOURCE
- Original cataloging agency: ARRUPE
- Transcribing agency: ARRUPE
100 ## - HEADING--PERSONAL NAME
- Personal name: Anscombe, G. E. M.
- Fuller form of name: (Gertrude Elizabeth Margaret)
670 ## - SOURCE DATA FOUND
- Source citation: Work cat.: (ARRUPE)0: Wittgenstein, Ludwig, 1889-1951. 19063, Remarks on the philosophy of psychology /, 1980.